000 004570000a22001690004500
041 0 _aSPA
082 0 4 _aG 261 L5136c
100 1 _aLeggett, Pablo
245 1 0 _aCristianismo y cultura / Pablo Leggett
260 _aSan José, Costa Rica : SBL (ver Seminario Bíblico Latinomericano)
300 _a125 Pag
001 6732
942 _cBK
999 _c36998
_d36998
336 _atexto
_btxt
_2rdacontent
337 _2rdamedia
_asin mediación
_bn
338 _2rdacarrier
_avolumen
_bnc